[Event "CAMPEONATO ESPAÑA EQUIPOS - CEBLUB PRIME"]
[Site "Barbera del Valles"]
[Date "2009.08.15"]
[Round "3"]
[White "GRANADOS GOMEZ, Manuel"]
[Black "SANCHEZ GUIRADO, Francisco"]
[Result "1/2-1/2"]
[WhiteElo "2407"]
[BlackElo "2393"]
[PlyCount "61"]
[EventDate "2009.08.13"]
[EventType "team"]
[EventRounds "3"]
[EventCountry "ESP"]
[WhiteTeam "FOMENT MARTINENC"]
[BlackTeam "C.A. ALZIRA-ALZICAPITAL"]

1. c4 e6 2. Nf3 d5 3. d4 Nf6 4. Nc3 Bb4 5. Bg5 h6 6. Bxf6 Qxf6 7. Qa4+ Nc6 8.
Ne5 O-O 9. Nxc6 Bxc3+ 10. bxc3 Bd7 11. cxd5 exd5 12. e3 Bxc6 13. Bb5 Be8 14.
Bxe8 Rfxe8 15. O-O Re7 16. Rfd1 c6 17. c4 dxc4 18. Qxc4 Rd8 19. Qa4 a6 20. Rab1
Rd5 21. Qc4 Rg5 22. Qe2 Qe6 23. Rb3 c5 24. dxc5 Rxc5 25. g3 Qe4 26. Rbd3 Rec7
27. Rd4 Rc2 28. Qh5 Qe6 29. Rd6 Qe4 30. R6d4 Qe6 31. Rd6 1/2-1/2

[Event "CAMPEONATO ESPAÑA EQUIPOS - CEBLUB PRIME"]
[Site "Barbera del Valles"]
[Date "2009.08.15"]
[Round "3"]
[White "IBAÑEZ AULLANA, Jose Ramon"]
[Black "JEREZ PEREZ, Alfonso"]
[Result "0-1"]
[WhiteElo "2273"]
[BlackElo "2388"]
[PlyCount "60"]
[EventDate "2009.08.13"]
[EventType "team"]
[EventRounds "3"]
[EventCountry "ESP"]
[WhiteTeam "C.A. ALZIRA-ALZICAPITAL"]
[BlackTeam "FOMENT MARTINENC"]

1. d4 Nf6 2. c4 g6 3. Nc3 d5 4. Nf3 Bg7 5. Qb3 dxc4 6. Qxc4 O-O 7. e4 Na6 8.
Be2 c5 9. d5 e6 10. O-O exd5 11. exd5 Nb4 12. Bg5 h6 13. Bxf6 Bxf6 14. Rad1 b6
15. Qb3 Bb7 16. Rd2 Na6 17. Rfd1 Nc7 18. Ne4 Rb8 19. Qe3 Bg7 20. h4 Re8 21. Qf4
Nxd5 22. Rxd5 Bxd5 23. Ng3 Rb7 24. Ba6 Rd7 25. Bb5 Bc6 26. Rxd7 Qxd7 27. Bf1
Qd1 28. h5 Bxf3 29. gxf3 Qd4 30. Ne4 Qe5 0-1

[Event "CAMPEONATO ESPAÑA EQUIPOS - CEBLUB PRIME"]
[Site "Barbera del Valles"]
[Date "2009.08.15"]
[Round "3"]
[White "POSTNY, Evgeny"]
[Black "GEORGIEV, Kiril"]
[Result "1/2-1/2"]
[WhiteElo "2647"]
[BlackElo "2645"]
[PlyCount "30"]
[EventDate "2009.08.13"]
[EventType "team"]
[EventRounds "3"]
[EventCountry "ESP"]
[WhiteTeam "CLUB ESCACS BARBERA"]
[BlackTeam "C.A SESTA0 NATURGAS ENERGIA "]

1. d4 Nf6 2. c4 e6 3. Nf3 d5 4. Bg5 Be7 5. e3 O-O 6. Nc3 h6 7. Bh4 b6 8. cxd5
Nxd5 9. Bxe7 Qxe7 10. Rc1 Bb7 11. Be2 Rc8 12. O-O c5 13. dxc5 Rxc5 14. Qd2 Nd7
15. Ne4 Rxc1 1/2-1/2

[Event "CAMPEONATO ESPAÑA EQUIPOS - CEBLUB PRIME"]
[Site "Barbera del Valles"]
[Date "2009.08.15"]
[Round "3"]
[White "MOISEENKO, Alexander"]
[Black "LEMOS, Damian"]
[Result "1/2-1/2"]
[WhiteElo "2682"]
[BlackElo "2547"]
[PlyCount "79"]
[EventDate "2009.08.13"]
[EventType "team"]
[EventRounds "3"]
[EventCountry "ESP"]
[WhiteTeam "C.A SESTA0 NATURGAS ENERGIA "]
[BlackTeam "CLUB ESCACS BARBERA"]

1. d4 d5 2. c4 c6 3. Nc3 Nf6 4. Nf3 e6 5. e3 Nbd7 6. Bd3 dxc4 7. Bxc4 b5 8. Bd3
Bd6 9. O-O O-O 10. Qc2 Bb7 11. a3 a6 12. b4 a5 13. Rb1 axb4 14. axb4 Qe7 15. e4
e5 16. Ne2 Rfe8 17. Bb2 g6 18. dxe5 Nxe5 19. Nxe5 Bxe5 20. Bxe5 Qxe5 21. f4 Qe7
22. Ng3 Ng4 23. Rf3 Qd8 24. h3 Qd4+ 25. Kh1 Ne3 26. Qe2 Nd5 27. Qb2 Qxb2 28.
Rxb2 Nf6 29. e5 c5 30. Bxb5 Bxf3 31. Bxe8 Ne4 32. Nf1 Bxg2+ 33. Kxg2 Rxe8 34.
b5 Rb8 35. Rb3 c4 36. Rb4 Nc3 37. Rxc4 Nd5 38. Kf3 Rxb5 39. Ke4 f5+ 40. exf6
1/2-1/2

[Event "CAMPEONATO ESPAÑA EQUIPOS - CEBLUB PRIME"]
[Site "Barbera del Valles"]
[Date "2009.08.15"]
[Round "3"]
[White "ASIS GARGATAGLI, Hipolit"]
[Black "ROMERO HOLMES, Alfonso"]
[Result "1/2-1/2"]
[WhiteElo "2439"]
[BlackElo "2512"]
[PlyCount "49"]
[EventDate "2009.08.13"]
[EventType "team"]
[EventRounds "3"]
[EventCountry "ESP"]
[WhiteTeam "CLUB ESCACS BARBERA"]
[BlackTeam "C.A SESTA0 NATURGAS ENERGIA "]

1. d4 Nf6 2. c4 g6 3. g3 Bg7 4. Bg2 O-O 5. Nf3 c6 6. Nc3 d6 7. O-O Qb6 8. h3
Qa6 9. Nd2 Be6 10. d5 cxd5 11. cxd5 Bd7 12. Qb3 Rc8 13. e4 Qb6 14. e5 dxe5 15.
Nc4 Qxb3 16. axb3 Na6 17. Nxe5 Nc5 18. Ra3 Be8 19. b4 Nce4 20. Nxe4 Nxe4 21.
Bxe4 Bxe5 22. d6 Bc6 23. Bxc6 Rxc6 24. dxe7 Re6 25. b5 1/2-1/2

[Event "CAMPEONATO ESPAÑA EQUIPOS - CEBLUB PRIME"]
[Site "Barbera del Valles"]
[Date "2009.08.15"]
[Round "3"]
[White "GOMEZ ESTEBAN, Juan Mario"]
[Black "ALONSO MOYANO, Jonathan"]
[Result "0-1"]
[WhiteElo "2478"]
[BlackElo "2365"]
[PlyCount "134"]
[EventDate "2009.08.13"]
[EventType "team"]
[EventRounds "3"]
[EventCountry "ESP"]
[WhiteTeam "C.A SESTA0 NATURGAS ENERGIA "]
[BlackTeam "CLUB ESCACS BARBERA"]

1. d4 f5 2. g3 Nf6 3. Bg2 g6 4. Nf3 Bg7 5. O-O O-O 6. c4 d6 7. Nc3 Qe8 8. d5
Na6 9. Rb1 c6 10. b4 Bd7 11. Qb3 Kh8 12. Bb2 e5 13. dxe6 Bxe6 14. Nd4 Bg8 15.
b5 Nc5 16. Qa3 Nfe4 17. Nxe4 Nxe4 18. bxc6 bxc6 19. f3 Nc5 20. Nb3 Qe3+ 21. Kh1
Bxc4 22. Bxg7+ Kxg7 23. Qb2+ Kg8 24. Nxc5 Qxc5 25. Rfc1 Rae8 26. e4 fxe4 27.
fxe4 Rf2 28. Qc3 Bxa2 29. Qxc5 dxc5 30. Rb7 Rd8 31. e5 Rdd2 32. Bxc6 Rxh2+ 33.
Kg1 Rhe2 34. Rxa7 Rxe5 35. Ra5 Bd5 36. Bxd5+ Rdxd5 37. Ra7 Rf5 38. Rc7 Rd3 39.
Kh2 Rf2+ 40. Kh3 Rff3 41. Rg1 Rc3 42. Kg4 Rf7 43. Rc8+ Kg7 44. Rd1 h5+ 45. Kh4
Re7 46. Rd6 Re4+ 47. Kh3 Rg4 48. Rd7+ Kf6 49. Rc6+ Ke5 50. Kh2 Rgxg3 51. Rxc5+
Rxc5 52. Kxg3 Kf5 53. Rd3 Kg5 54. Ra3 h4+ 55. Kh3 Kh5 56. Ra4 Rc3+ 57. Kh2 g5
58. Rb4 Rc2+ 59. Kh1 h3 60. Ra4 g4 61. Ra3 Kh4 62. Ra1 Rc4 63. Rb1 g3 64. Ra1
Rf4 65. Kg1 h2+ 66. Kg2 Rf2+ 67. Kh1 Kh3 0-1

[Event "CAMPEONATO ESPAÑA EQUIPOS - CEBLUB PRIME"]
[Site "Barbera del Valles"]
[Date "2009.08.14"]
[Round "2"]
[White "PERALTA, Fernando"]
[Black "PENA GOMEZ, Manuel"]
[Result "1/2-1/2"]
[WhiteElo "2574"]
[BlackElo "2467"]
[PlyCount "71"]
[EventDate "2009.08.13"]
[EventType "team"]
[EventRounds "3"]
[EventCountry "ESP"]
[WhiteTeam "C. E. CERDANYOLA DEL VALLES"]
[BlackTeam "C.A UNIVERSIDAD DE VIGO"]

1. d4 d6 2. Nf3 Nf6 3. c4 c5 4. e3 g6 5. Nc3 Na6 6. Be2 Bg7 7. O-O O-O 8. e4
cxd4 9. Nxd4 Nc5 10. f3 Bd7 11. Be3 a6 12. Qd2 Rc8 13. Rac1 Ne6 14. Rfd1 Nxd4
15. Bxd4 Be6 16. Nd5 Nxd5 17. exd5 Bxd4+ 18. Qxd4 Bd7 19. b4 b6 20. h4 h5 21.
Bd3 e5 22. dxe6 Bxe6 23. Re1 Re8 24. Rc2 d5 25. c5 bxc5 26. bxc5 Qa5 27. Ree2
Rc6 28. f4 Qd8 29. g3 Bg4 30. Rxe8+ Qxe8 31. Kf2 Qd8 32. a3 Qa5 33. Qb4 Qd8 34.
Qd4 Qa5 35. Qb4 Qd8 36. Qd4 1/2-1/2

[Event "CAMPEONATO ESPAÑA EQUIPOS - CEBLUB PRIME"]
[Site "Barbera del Valles"]
[Date "2009.08.14"]
[Round "2"]
[White "PARAMOS DOMINGUEZ, Roberto"]
[Black "LAFUENTE, Pablo"]
[Result "1/2-1/2"]
[WhiteElo "2436"]
[BlackElo "2562"]
[PlyCount "132"]
[EventDate "2009.08.13"]
[EventType "team"]
[EventRounds "3"]
[EventCountry "ESP"]
[WhiteTeam "C.A UNIVERSIDAD DE VIGO"]
[BlackTeam "C. E. CERDANYOLA DEL VALLES"]

1. e4 e5 2. Nf3 Nc6 3. Bb5 a6 4. Ba4 Nf6 5. O-O Be7 6. Re1 b5 7. Bb3 O-O 8. c3
d6 9. h3 Nb8 10. d4 Nbd7 11. Nbd2 Bb7 12. Bc2 c5 13. d5 c4 14. Nf1 Qc7 15. Ng3
Rfb8 16. Nf5 Bf8 17. Nh2 Nc5 18. Bg5 Ne8 19. Qf3 a5 20. Ng4 b4 21. Qg3 Kh8 22.
Qh4 Bc8 23. Bd2 b3 24. axb3 Nxb3 25. Bxb3 Rxb3 26. Ra2 a4 27. Nge3 Nf6 28. Ng3
Be7 29. Ngf5 Bf8 30. Ng3 Be7 31. Ngf5 Bd8 32. Qg5 g6 33. Nh6 Bb7 34. Nef5 Ne8
35. Qg3 Bc8 36. Nxd6 Nxd6 37. Qxe5+ f6 38. Qxd6 Kg7 39. Qxc7+ Bxc7 40. Ng4 a3
41. bxa3 Raxa3 42. Rxa3 Rxa3 43. e5 Bxg4 44. exf6+ Kxf6 45. hxg4 Ra5 46. Be3
Be5 47. Rd1 Bxc3 48. d6 Ra1 49. Rxa1 Bxa1 50. Kf1 Be5 51. Ke2 Bxd6 52. Kd2 Ke5
53. f3 Kd5 54. Kc3 Be5+ 55. Kb4 Bb2 56. Bf2 Bd4 57. Bg3 Bf6 58. Bf2 Bg7 59. Be3
Bd4 60. Bg5 Bf2 61. Bf6 Be1+ 62. Bc3 Bg3 63. Bf6 Bf2 64. Bg7 Bd4 65. Bh6 Be5
66. Be3 Bg7 1/2-1/2

[Event "CAMPEONATO ESPAÑA EQUIPOS - CEBLUB PRIME"]
[Site "Barbera del Valles"]
[Date "2009.08.14"]
[Round "2"]
[White "DEL REY, Diego"]
[Black "GARCIA CASTRO, Pablo"]
[Result "1/2-1/2"]
[WhiteElo "2420"]
[BlackElo "2390"]
[PlyCount "95"]
[EventDate "2009.08.13"]
[EventType "team"]
[EventRounds "3"]
[EventCountry "ESP"]
[WhiteTeam "C. E. CERDANYOLA DEL VALLES"]
[BlackTeam "C.A UNIVERSIDAD DE VIGO"]

1. d4 d6 2. Nf3 Nf6 3. g3 g6 4. Bg2 Bg7 5. b3 a5 6. Nc3 c6 7. a4 O-O 8. O-O Na6
9. Bb2 Nb4 10. e4 Bg4 11. h3 Bxf3 12. Bxf3 e5 13. Na2 Re8 14. dxe5 dxe5 15.
Nxb4 axb4 16. Qe2 Qb6 17. Rad1 Bf8 18. Rd2 h5 19. h4 Qc5 20. Ra1 b5 21. axb5
Rxa1+ 22. Bxa1 Ra8 23. Qd1 cxb5 24. Bb2 Be7 25. Qb1 Bd8 26. Kg2 Bb6 27. Qd1 Ra2
28. Qb1 Ra7 29. Qd1 Kh7 30. Qe1 Ra2 31. Qb1 Ra7 32. Qd1 Ra2 33. Qb1 Ra8 34. Qd1
Ra7 35. Qe1 Ra2 36. Qb1 Ra7 37. Qd1 Ra2 38. Qb1 Ra8 39. Qd1 Ra7 40. Qe1 Ra2 41.
Qb1 Ra7 42. Qe1 Ra2 43. Bc1 Ra7 44. Bb2 Rd7 45. Rxd7 Nxd7 46. Qd1 Qc6 47. Qe1
Qc5 48. Qd1 1/2-1/2

[Event "CAMPEONATO ESPAÑA EQUIPOS - CEBLUB PRIME"]
[Site "Barbera del Valles"]
[Date "2009.08.14"]
[Round "2"]
[White "CARRERA PEREZ, Francisco"]
[Black "BARON ISANTA, Jose Maria"]
[Result "1/2-1/2"]
[WhiteElo "2265"]
[BlackElo "2355"]
[PlyCount "108"]
[EventDate "2009.08.13"]
[EventType "team"]
[EventRounds "3"]
[EventCountry "ESP"]
[WhiteTeam "C.A UNIVERSIDAD DE VIGO"]
[BlackTeam "C. E. CERDANYOLA DEL VALLES"]

1. b3 e5 2. Bb2 Nc6 3. e3 d6 4. Nf3 g6 5. d4 Bg7 6. dxe5 Nxe5 7. Nxe5 Bxe5 8.
Nc3 Ne7 9. Qd2 O-O 10. O-O-O Bg4 11. f3 Be6 12. h4 Nf5 13. Ne4 Qe7 14. g4 Bxb2+
15. Kxb2 Ng7 16. h5 f5 17. gxf5 gxf5 18. Nc3 Bf7 19. Kb1 c6 20. h6 Nh5 21. Qd4
Qe5 22. Qxe5 dxe5 23. Rd7 Rab8 24. Rxf7 Kxf7 25. Rxh5 Kg6 26. Rh1 Kg5 27. Bd3
Rbe8 28. Kc1 Re6 29. Kd2 Rxh6 30. f4+ Kg6 31. Rg1+ Kf6 32. fxe5+ Kxe5 33. Rg7
b5 34. Rxa7 Rh2+ 35. Ne2 h5 36. Kc3 Rh3 37. Nf4 Rg3 38. Re7+ Kd6 39. Nxh5 b4+
40. Kb2 Kxe7 41. Nxg3 f4 42. Nf5+ Ke6 43. exf4 c5 44. a4 bxa3+ 45. Kxa3 Kd5 46.
Kb2 Rh8 47. Ng3 Rh3 48. Ne2 Rh4 49. Kc3 Rh8 50. Kd2 Rh3 51. Nc3+ Kd4 52. Ne2+
Kd5 53. Ng1 Rg3 54. Ne2 Rh3 1/2-1/2

[Event "CAMPEONATO ESPAÑA EQUIPOS - CEBLUB PRIME"]
[Site "Barbera del Valles"]
[Date "2009.08.14"]
[Round "2"]
[White "BURMAKIN, Vladimir"]
[Black "ALMAGRO LLAMAS, Pablo"]
[Result "1-0"]
[WhiteElo "2627"]
[BlackElo "2481"]
[PlyCount "115"]
[EventDate "2009.08.13"]
[EventType "team"]
[EventRounds "3"]
[EventCountry "ESP"]
[WhiteTeam "BINISSALEM"]
[BlackTeam "AFRONTA CONSULTORIA - V. ATOCHA"]

1. Nf3 d5 2. c4 c6 3. b3 Bf5 4. Bb2 e6 5. g3 Nf6 6. Bg2 Bd6 7. Nc3 Qe7 8. O-O
O-O 9. d3 Ba3 10. Qc1 Bxb2 11. Qxb2 Nbd7 12. b4 dxc4 13. dxc4 c5 14. b5 Nb6 15.
Qb3 e5 16. a4 e4 17. Nh4 Bd7 18. a5 Nc8 19. Bh1 Nd6 20. Ng2 Qe5 21. Rad1 Be6
22. Ne3 Rad8 23. Bg2 Rd7 24. Ncd5 Rfd8 25. b6 a6 26. Nc7 h6 27. Nxe6 Qxe6 28.
Qc3 Nf5 29. Rxd7 Rxd7 30. Bh3 g6 31. Nxf5 gxf5 32. Qe3 Qxc4 33. Qxh6 Rd6 34.
Bxf5 Qd5 35. g4 c4 36. Rc1 Rc6 37. Qe3 Qe5 38. Qc3 Qxc3 39. Rxc3 Rc5 40. h3 Kf8
41. Kf1 Ke7 42. Ke1 Kd6 43. Kd2 Ke5 44. Ra3 Nd5 45. h4 c3+ 46. Kc1 Nf4 47. Ra2
Ng2 48. h5 e3 49. f3 Nf4 50. Be4 Rc4 51. Bxb7 c2 52. Rxc2 Nxe2+ 53. Kd1 Nc3+
54. Ke1 Kd4 55. Bxa6 Rb4 56. Rc1 Rb2 57. b7 Nd5 58. h6 1-0

[Event "CAMPEONATO ESPAÑA EQUIPOS - CEBLUB PRIME"]
[Site "Barbera del Valles"]
[Date "2009.08.14"]
[Round "2"]
[White "RUBIO MEJIA, Luis Ignacio"]
[Black "BELLON LOPEZ, Juan Manuel"]
[Result "0-1"]
[WhiteElo "2371"]
[BlackElo "2445"]
[PlyCount "138"]
[EventDate "2009.08.13"]
[EventType "team"]
[EventRounds "3"]
[EventCountry "ESP"]
[WhiteTeam "AFRONTA CONSULTORIA - V. ATOCHA"]
[BlackTeam "BINISSALEM"]

1. d4 d5 2. c4 c6 3. Nc3 Nf6 4. e3 e6 5. Nf3 a6 6. c5 Nbd7 7. b4 Qc7 8. Bb2 g6
9. Bd3 Bg7 10. O-O O-O 11. h3 e5 12. dxe5 Nxe5 13. Nxe5 Qxe5 14. Rb1 Qe7 15.
Ne2 Re8 16. a3 Bd7 17. Qc2 Rad8 18. Rfd1 Bc8 19. Nf4 Nd7 20. Bd4 Ne5 21. Qc3 f6
22. a4 Nxd3 23. Nxd3 Bd7 24. Nf4 Qf7 25. Ne2 g5 26. Ng3 Qg6 27. Qd3 Kf7 28. Rb2
h5 29. Qxg6+ Kxg6 30. Ne2 Bf8 31. f3 h4 32. Kf2 Rc8 33. a5 Bf5 34. Rbd2 Be7 35.
Rc1 Bd8 36. Rdd1 Bc7 37. Rc3 Re7 38. Rcc1 Rce8 39. Rd2 Kf7 40. Rc3 Bg6 41. Rc1
f5 42. Rc3 Bh2 43. Ra3 Re6 44. Rc3 Bh7 45. Ra3 Rg8 46. Ra1 g4 47. Rh1 gxf3 48.
gxf3 Bg3+ 49. Nxg3 Rxg3 50. f4 Bg6 51. Kf1 Bh5 52. Rg2 Rf3+ 53. Rf2 Rexe3 54.
Bxe3 Rxe3 55. Rb2 d4 56. Rd2 d3 57. Kf2 Rf3+ 58. Kg2 Rg3+ 59. Kh2 Be2 60. Rb1
Rf3 61. Kg2 Rxf4 62. Rbb2 Re4 63. Kf2 Ke6 64. Rb3 Ke5 65. Rb1 f4 66. Rbb2 Re3
67. Kg2 Rg3+ 68. Kh2 f3 69. Ra2 Ke4 0-1

[Event "CAMPEONATO ESPAÑA EQUIPOS - CEBLUB PRIME"]
[Site "Barbera del Valles"]
[Date "2009.08.14"]
[Round "2"]
[White "MASCARO MARCH, Pedro"]
[Black "RABADAN VELASCO, Raul"]
[Result "1-0"]
[WhiteElo "2382"]
[BlackElo "2328"]
[PlyCount "163"]
[EventDate "2009.08.13"]
[EventType "team"]
[EventRounds "3"]
[EventCountry "ESP"]
[WhiteTeam "BINISSALEM"]
[BlackTeam "AFRONTA CONSULTORIA - V. ATOCHA"]

1. d4 Nf6 2. c4 c5 3. d5 e6 4. Nc3 exd5 5. cxd5 d6 6. g3 g6 7. Bg2 Bg7 8. Nf3
O-O 9. O-O Re8 10. Nd2 a6 11. a4 b6 12. Nc4 Ra7 13. Bf4 Bf8 14. e4 Nh5 15. Be3
Nd7 16. h3 Ne5 17. Na3 Qc7 18. Kh2 f6 19. f4 Nf7 20. a5 Rb7 21. axb6 Rxb6 22.
Nc4 Rb4 23. b3 Bd7 24. Rxa6 Qb7 25. Ra3 Ng7 26. Bd2 Bb5 27. e5 Bxc4 28. bxc4
Rxc4 29. e6 Nh6 30. Ne4 Nh5 31. Qa1 Rd4 32. Bc3 f5 33. Rb1 Rb4 34. Bxb4 cxb4
35. Nd2 Qb6 36. Nf1 Bg7 37. Qa2 Nf6 38. Bf3 Qd4 39. Ra8 Kf8 40. Rd1 Qc3 41.
Rxe8+ Nxe8 42. e7+ Kg8 43. Qe2 Bf6 44. Kg2 Kg7 45. Qb5 Kf7 46. Qd7 b3 47. Qe6+
Kg7 48. Qe3 Qc2+ 49. Qe2 Qc5 50. Ne3 Ng8 51. Rb1 Qc3 52. Nc4 Nxe7 53. Nd2 b2
54. Nc4 Qb3 55. Nxb2 Nxd5 56. Bxd5 Qxd5+ 57. Kh2 Nc7 58. Nc4 Ne6 59. Nb6 Qc6
60. Qc4 Nc5 61. Nd5 Qe8 62. Nxf6 Kxf6 63. Qd4+ Kf7 64. Qd2 Qe6 65. Ra1 Qb3 66.
Ra7+ Ke6 67. Rxh7 Ne4 68. Qg2 Kf6 69. Ra7 d5 70. Ra6+ Kg7 71. Ra7+ Kf6 72. Ra6+
Kg7 73. Ra2 d4 74. Rb2 Qc3 75. Rc2 Qe3 76. Re2 Qd3 77. g4 Kf6 78. gxf5 gxf5 79.
Ra2 Qc4 80. Ra7 Nd6 81. Qg7+ Ke6 82. Qe5# 1-0

[Event "CAMPEONATO ESPAÑA EQUIPOS - CEBLUB PRIME"]
[Site "Barbera del Valles"]
[Date "2009.08.14"]
[Round "2"]
[White "ANTON GUIJARRO, David"]
[Black "SERRA OLIVES, Tomas"]
[Result "1-0"]
[WhiteElo "2265"]
[BlackElo "2150"]
[PlyCount "59"]
[EventDate "2009.08.13"]
[EventType "team"]
[EventRounds "3"]
[EventCountry "ESP"]
[WhiteTeam "AFRONTA CONSULTORIA - V. ATOCHA"]
[BlackTeam "BINISSALEM"]

1. d4 Nf6 2. Nf3 e6 3. c4 c5 4. d5 exd5 5. cxd5 g6 6. Nc3 d6 7. Bf4 a6 8. e4
Bg7 9. Qa4+ Bd7 10. Qb3 Bc8 11. a4 O-O 12. Be2 Qc7 13. Nd2 Re8 14. O-O Nbd7 15.
Nc4 Bf8 16. Bf3 Rb8 17. Rfe1 b5 18. axb5 axb5 19. Nxb5 Qb7 20. Ra5 Qxd5 21. Rd1
Qe6 22. Qa4 Rxb5 23. Qxb5 Nxe4 24. Bxe4 Qxe4 25. Nxd6 Bxd6 26. Bxd6 Bb7 27. Qf1
Nf6 28. Rxc5 Nd5 29. Rcc1 Qg4 30. Qb5 1-0

[Event "CAMPEONATO ESPAÑA EQUIPOS - CEBLUB PRIME"]
[Site "Barbera del Valles"]
[Date "2009.08.15"]
[Round "3"]
[White "PENA GOMEZ, Manuel"]
[Black "BURMAKIN, Vladimir"]
[Result "1-0"]
[WhiteElo "2467"]
[BlackElo "2627"]
[PlyCount "61"]
[EventDate "2009.08.13"]
[EventType "team"]
[EventRounds "3"]
[EventCountry "ESP"]
[WhiteTeam "C.A UNIVERSIDAD DE VIGO"]
[BlackTeam "BINISSALEM"]

1. c4 c6 2. Nf3 d5 3. g3 Nf6 4. Bg2 Bf5 5. Qb3 Qb6 6. O-O e6 7. d3 Nbd7 8. Be3
dxc4 9. Qxc4 Qxb2 10. Nbd2 Qb4 11. Qc2 Nd5 12. Bd4 N5b6 13. a4 Qd6 14. a5 Nc8
15. a6 b5 16. Ne5 Qxd4 17. Nxd7 Ne7 18. Nc5 Rc8 19. Ndb3 Qe5 20. e4 Bg6 21. f4
Qc7 22. Qe2 Qb6 23. d4 h6 24. f5 exf5 25. exf5 Bh7 26. Rae1 Rc7 27. f6 gxf6 28.
Rxf6 Rg8 29. Nb7 Bg6 30. N3c5 Bg7 31. Bxc6+ 1-0

[Event "CAMPEONATO ESPAÑA EQUIPOS - CEBLUB PRIME"]
[Site "Barbera del Valles"]
[Date "2009.08.15"]
[Round "3"]
[White "BELLON LOPEZ, Juan Manuel"]
[Black "PARAMOS DOMINGUEZ, Roberto"]
[Result "0-1"]
[WhiteElo "2445"]
[BlackElo "2436"]
[PlyCount "120"]
[EventDate "2009.08.13"]
[EventType "team"]
[EventRounds "3"]
[EventCountry "ESP"]
[WhiteTeam "BINISSALEM"]
[BlackTeam "C.A UNIVERSIDAD DE VIGO"]

1. d4 d5 2. Nf3 Nf6 3. c4 e6 4. Nc3 Be7 5. Bg5 h6 6. Bh4 O-O 7. e3 Ne4 8. Bxe7
Qxe7 9. Rc1 c6 10. Bd3 Nxc3 11. Rxc3 dxc4 12. Bxc4 Nd7 13. O-O e5 14. dxe5 Nxe5
15. Nxe5 Qxe5 16. Qb3 Qe7 17. Qc2 Re8 18. Rd1 Be6 19. Rd4 Rad8 20. Rcd3 Qb4 21.
h3 Rxd4 22. Rxd4 Bxc4 23. Rxc4 Qe1+ 24. Kh2 Rd8 25. Rf4 Qd2 26. Qf5 Qd5 27.
Qxd5 Rxd5 28. Rb4 b5 29. Kg3 Kf8 30. Kf3 Rd2 31. e4 Ke7 32. Rb3 a5 33. Ke3 Rc2
34. Ra3 a4 35. b3 axb3 36. axb3 Rb2 37. f4 Kd6 38. Kd3 Rxg2 39. Ra7 Rg3+ 40.
Kc2 f6 41. b4 Re3 42. Rxg7 Rxe4 43. Rg6 Rxf4 44. Rxh6 Rxb4 45. Rxf6+ Kc5 46.
Rf5+ Kb6 47. Rf3 c5 48. Rg3 Rh4 49. Kb3 Ka5 50. Kb2 b4 51. Ka2 Kb5 52. Kb2 Rf4
53. Rg2 c4 54. Rh2 Rh4 55. Rh1 Kc5 56. Kc2 b3+ 57. Kc3 Rd4 58. h4 Rd3+ 59. Kb2
Kb4 60. h5 c3+ 0-1

[Event "CAMPEONATO ESPAÑA EQUIPOS - CEBLUB PRIME"]
[Site "Barbera del Valles"]
[Date "2009.08.15"]
[Round "3"]
[White "GARCIA CASTRO, Pablo"]
[Black "MASCARO MARCH, Pedro"]
[Result "1-0"]
[WhiteElo "2390"]
[BlackElo "2382"]
[PlyCount "69"]
[EventDate "2009.08.13"]
[EventType "team"]
[EventRounds "3"]
[EventCountry "ESP"]
[WhiteTeam "C.A UNIVERSIDAD DE VIGO"]
[BlackTeam "BINISSALEM"]

1. e4 e5 2. Nf3 Nc6 3. Be2 Nf6 4. d3 Be7 5. c4 d6 6. h3 O-O 7. Nc3 Nd4 8. Nxd4
exd4 9. Nb5 c5 10. O-O Ne8 11. f4 a6 12. Na3 f5 13. Bf3 fxe4 14. dxe4 Rb8 15.
Qd3 Bd7 16. Bd2 Kh8 17. Bd1 Bc6 18. Bc2 g6 19. Rae1 Nf6 20. g4 Nd7 21. g5 b5
22. b3 bxc4 23. Nxc4 Qc8 24. Qg3 Nb6 25. Nxb6 Rxb6 26. f5 Bb5 27. Rf4 gxf5 28.
exf5 Bxg5 29. Qxg5 Rg8 30. Rg4 Rxg5 31. Bxg5 d5 32. Bf4 h5 33. Rg5 d3 34. Bd1
Be8 35. Re7 1-0

[Event "CAMPEONATO ESPAÑA EQUIPOS - CEBLUB PRIME"]
[Site "Barbera del Valles"]
[Date "2009.08.15"]
[Round "3"]
[White "MUÑOZ AGULLO, Jose Francisco"]
[Black "LEIROS VILA, Avelino"]
[Result "1-0"]
[WhiteElo "2279"]
[BlackElo "2162"]
[PlyCount "109"]
[EventDate "2009.08.13"]
[EventType "team"]
[EventRounds "3"]
[EventCountry "ESP"]
[WhiteTeam "BINISSALEM"]
[BlackTeam "C.A UNIVERSIDAD DE VIGO"]

1. d4 d6 2. c4 e5 3. Nf3 e4 4. Ng5 f5 5. g3 Be7 6. Nh3 Nf6 7. Nc3 c6 8. d5 O-O
9. Bg2 Nbd7 10. O-O Ne5 11. b3 Nfg4 12. Kh1 Bf6 13. Qc2 cxd5 14. Nxd5 Be6 15.
Nxf6+ Nxf6 16. Ba3 Qb6 17. Ng5 Bf7 18. Rad1 Rfd8 19. f3 d5 20. Be7 Rd7 21. Bxf6
Qxf6 22. Nxf7 Qxf7 23. cxd5 exf3 24. exf3 f4 25. Qe4 Qf6 26. gxf4 Nf7 27. Bh3
Rd6 28. Be6 Kh8 29. Rc1 Re8 30. Qa4 Rf8 31. Qb4 h6 32. Rc7 Rdd8 33. Qxb7 Nd6
34. Qb4 a5 35. Qc3 Qxc3 36. Rxc3 Rxf4 37. Rd1 a4 38. Kg2 axb3 39. Rxb3 Rdf8 40.
Rdd3 R8f6 41. Kg3 Rc4 42. Rdc3 Rd4 43. Rd3 Rc4 44. a3 Rg6+ 45. Kf2 Rc2+ 46. Ke3
Rgg2 47. h3 g5 48. Kd4 Rge2 49. Re3 Red2+ 50. Rbd3 Rf2 51. a4 Kg7 52. Rc3 Ra2
53. Ke5 Ne8 54. d6 Nxd6 55. Bxa2 1-0

[Event "CAMPEONATO ESPAÑA EQUIPOS - CEBLUB PRIME"]
[Site "Barbera del Valles"]
[Date "2009.08.15"]
[Round "3"]
[White "ALMAGRO LLAMAS, Pablo"]
[Black "PERALTA, Fernando"]
[Result "1/2-1/2"]
[WhiteElo "2481"]
[BlackElo "2574"]
[PlyCount "57"]
[EventDate "2009.08.13"]
[EventType "team"]
[EventRounds "3"]
[EventCountry "ESP"]
[WhiteTeam "AFRONTA CONSULTORIA - V. ATOCHA"]
[BlackTeam "C. E. CERDANYOLA DEL VALLES"]

1. e4 d6 2. d4 Nf6 3. Nc3 g6 4. f3 c6 5. Be3 b5 6. Qd2 Nbd7 7. g4 Nb6 8. Bh6
Bxh6 9. Qxh6 Qc7 10. h4 Bb7 11. h5 O-O-O 12. hxg6 fxg6 13. Nh3 e5 14. dxe5 dxe5
15. a3 Qe7 16. Be2 Rhg8 17. Nf2 Kb8 18. Nd3 a5 19. b3 Nbd7 20. a4 b4 21. Nd1
Ba6 22. N1b2 Bxd3 23. Bxd3 Nb6 24. O-O-O Rd4 25. Qg5 Re8 26. Be2 Rxd1+ 27. Rxd1
Nfd7 28. Qh6 Rd8 29. Kb1 1/2-1/2

[Event "CAMPEONATO ESPAÑA EQUIPOS - CEBLUB PRIME"]
[Site "Barbera del Valles"]
[Date "2009.08.15"]
[Round "3"]
[White "LAFUENTE, Pablo"]
[Black "RUBIO MEJIA, Luis Ignacio"]
[Result "1-0"]
[WhiteElo "2562"]
[BlackElo "2371"]
[PlyCount "67"]
[EventDate "2009.08.13"]
[EventType "team"]
[EventRounds "3"]
[EventCountry "ESP"]
[WhiteTeam "C. E. CERDANYOLA DEL VALLES"]
[BlackTeam "AFRONTA CONSULTORIA - V. ATOCHA"]

1. d4 Nf6 2. c4 e6 3. Nf3 b6 4. g3 Bb7 5. Bg2 Be7 6. O-O O-O 7. Re1 d5 8. Ne5
Na6 9. Nc3 c5 10. cxd5 exd5 11. Be3 cxd4 12. Bxd4 Nc5 13. e3 Rc8 14. Rc1 Qd6
15. Nd3 Nxd3 16. Qxd3 Rcd8 17. Nb5 Qb8 18. Qf5 Bc8 19. Qe5 Qxe5 20. Bxe5 Be6
21. Nxa7 Rd7 22. Nc6 Bd6 23. Bxf6 gxf6 24. Red1 Be5 25. Bxd5 Bxd5 26. Rxd5 Rxd5
27. Ne7+ Kg7 28. Nxd5 Ra8 29. Nxb6 Rxa2 30. b4 Rb2 31. Nd5 Rd2 32. Ne7 Rb2 33.
f4 Bb8 34. Rc8 1-0

[Event "CAMPEONATO ESPAÑA EQUIPOS - CEBLUB PRIME"]
[Site "Barbera del Valles"]
[Date "2009.08.15"]
[Round "3"]
[White "RABADAN VELASCO, Raul"]
[Black "DEL REY, Diego"]
[Result "0-1"]
[WhiteElo "2328"]
[BlackElo "2420"]
[PlyCount "66"]
[EventDate "2009.08.13"]
[EventType "team"]
[EventRounds "3"]
[EventCountry "ESP"]
[WhiteTeam "AFRONTA CONSULTORIA - V. ATOCHA"]
[BlackTeam "C. E. CERDANYOLA DEL VALLES"]

1. d4 Nf6 2. Nf3 c5 3. d5 e6 4. Nc3 b5 5. dxe6 fxe6 6. Nxb5 d5 7. c3 Qb6 8. Na3
c4 9. Rb1 Bc5 10. e3 O-O 11. b4 Bd6 12. Nc2 Ne4 13. Bd2 a5 14. b5 a4 15. Qc1
Ra5 16. Be2 Rxb5 17. Rxb5 Qxb5 18. O-O e5 19. Rd1 Nc6 20. Be1 Be6 21. a3 Qb3
22. Nb4 Nxb4 23. axb4 a3 24. Qa1 Ra8 25. Rc1 a2 26. Bd1 Qa3 27. Rc2 h6 28. Bd2
Bf5 29. Bc1 Qb3 30. Bb2 Nxc3 31. Nd2 Ne2+ 32. Kh1 Qxb4 33. e4 c3 0-1